Wszyscy Mistrzowie Świata w Snookera - Statystyki

Ogólne statystyki
  • Ten quiz został rozwiązany 88 razy
    34 od ostatniego zresetowania
  • Średni wynik to 63 z 89
Statystyki odpowiedzi
Rok Narodowość Nazwisko % Poprawnych
2001 Anglia Ronnie O’Sullivan
96%
2004 Anglia Ronnie O’Sullivan
96%
2008 Anglia Ronnie O’Sullivan
96%
2012 Anglia Ronnie O’Sullivan
96%
2013 Anglia Ronnie O’Sullivan
96%
2020 Anglia Ronnie O’Sullivan
96%
2022 Anglia Ronnie O’Sullivan
96%
1972 Irlandia Północna Alex Higgins
93%
1982 Irlandia Północna Alex Higgins
93%
1998 Szkocja John Higgins
93%
2007 Szkocja John Higgins
93%
2009 Szkocja John Higgins
93%
2011 Szkocja John Higgins
93%
2019 Anglia Judd Trump
93%
2023 Belgia Luca Brecel
93%
2014 Anglia Mark Selby
93%
2016 Anglia Mark Selby
93%
2017 Anglia Mark Selby
93%
2021 Anglia Mark Selby
93%
2000 Walia Mark Williams
93%
2003 Walia Mark Williams
93%
2018 Walia Mark Williams
93%
2010 Australia Neil Robertson
89%
1927 Anglia Joe Davis
81%
1928 Anglia Joe Davis
81%
1929 Anglia Joe Davis
81%
1930 Anglia Joe Davis
81%
1931 Anglia Joe Davis
81%
1932 Anglia Joe Davis
81%
1933 Anglia Joe Davis
81%
1934 Anglia Joe Davis
81%
1935 Anglia Joe Davis
81%
1936 Anglia Joe Davis
81%
1937 Anglia Joe Davis
81%
1938 Anglia Joe Davis
81%
1939 Anglia Joe Davis
81%
1940 Anglia Joe Davis
81%
1946 Anglia Joe Davis
81%
2005 Anglia Shaun Murphy
81%
1948 Anglia Fred Davis
78%
1949 Anglia Fred Davis
78%
1951 Anglia Fred Davis
78%
1952 Anglia Fred Davis
78%
1953 Anglia Fred Davis
78%
1954 Anglia Fred Davis
78%
1955 Anglia Fred Davis
78%
1956 Anglia Fred Davis
78%
1981 Anglia Steve Davis
78%
1983 Anglia Steve Davis
78%
1984 Anglia Steve Davis
78%
1987 Anglia Steve Davis
78%
1988 Anglia Steve Davis
78%
1989 Anglia Steve Davis
78%
2015 Anglia Stuart Bingham
78%
1997 Irlandia Ken Doherty
74%
1990 Szkocja Stephen Hendry
74%
1992 Szkocja Stephen Hendry
74%
1993 Szkocja Stephen Hendry
74%
1994 Szkocja Stephen Hendry
74%
1995 Szkocja Stephen Hendry
74%
1996 Szkocja Stephen Hendry
74%
1999 Szkocja Stephen Hendry
74%
2006 Szkocja Graeme Dott
63%
2002 Anglia Peter Ebdon
63%
1970 Walia Ray Reardon
56%
1973 Walia Ray Reardon
56%
1974 Walia Ray Reardon
56%
1975 Walia Ray Reardon
56%
1976 Walia Ray Reardon
56%
1978 Walia Ray Reardon
56%
1986 Anglia Joe Johnson
44%
1991 Anglia John Parrott
44%
1980 Kanada Cliff Thorburn
41%
1985 Irlandia Północna Dennis Taylor
41%
1957 Anglia John Pulman
33%
1964 Anglia John Pulman
33%
1964 Anglia John Pulman
33%
1965 Anglia John Pulman
33%
1965 Anglia John Pulman
33%
1965 Anglia John Pulman
33%
1966 Anglia John Pulman
33%
1968 Anglia John Pulman
33%
1969 Anglia John Spencer
33%
1971 Anglia John Spencer
33%
1977 Anglia John Spencer
33%
1979 Walia Terry Griffiths
26%
1947 Szkocja Walter Donaldson
19%
1950 Szkocja Walter Donaldson
19%
1952 Australia Horace Lindrum
7%
Nie znaleziono quizów pasujących do podanych kryteriów
Rozkład punktacji
Procent ludzi z każdym wynikiem
Percentyl według liczby udzielonych odpowiedzi
Twoja historia wyników
Nie rozwiązałeś tego quizu od ostatniego zresetowania